[Event "Corus Chess 2009 - C"]
[Site "Wijk aan Zee"]
[Date "20.01.2009"]
[Round "4C"]
[White "Hillarp Persson,T"]
[Black "Romanishin,O"]
[Result "1-0"]
[BlackElo "2533"]
[EventDate "2009.01.17"]
[WhiteElo "2586"]

1.d4 Nf6 2.c4 e6 3.Nc3 Bb4 4.e3 b6 5.Nge2 c5 6.a3 Ba5 7.Rb1 Na6 8.f3 O-O
9.d5 d6 10.e4 exd5 11.cxd5 b5 12.Ng3 Rb8 13.Be3 b4 14.axb4 Rxb4 15.Be2
Rxb2 16.Rxb2 Bxc3+ 17.Rd2 Nb4 18.O-O a5 19.Qc1 Bxd2 20.Bxd2 Nd7 21.Qa1
f6 22.Qa4 Qb6 23.Kh1 c4 24.Bxc4 Qd4 25.Qxa5 Qxd2 26.Rb1 Ne5 27.Qxb4 Qxb4
28.Rxb4 f5 29.exf5 Bxf5 30.Be2 Bg6 31.Rb6 Rf6 32.Kg1 h5 33.h4 Nd7 34.Rc6
Nc5 35.Kf2 Bf7 36.Rc8+ Kh7 37.Ke3 Bxd5 38.Nxh5 Re6+ 39.Kf2 Rh6 40.Nf4 Bb7
41.Rd8 Rxh4 42.g4 Ba6 43.Bxa6 Nxa6 44.Kg3 Rh1 45.Rxd6 Nc5 46.Nh3 Kg8 47.Ng5
Kf8 48.Rd5 Na6 49.Rf5+ Kg8 50.Ne6 Rg1+ 51.Kh4 Nb4 52.f4 Rh1+ 53.Kg5 Nc6
54.Rf8+ Kh7 55.Rf7 Re1 56.f5 Kh8 57.Rc7 Ne5 58.Rc8+ Kh7 59.Nf8+   1-0

[Event "Corus Chess 2009 - C"]
[Site "Wijk aan Zee"]
[Date "20.01.2009"]
[Round "4C"]
[White "Howell,D"]
[Black "Nijboer,F"]
[Result "1-0"]
[BlackElo "2560"]
[EventDate "2009.01.17"]
[WhiteElo "2622"]

1.e4 c5 2.c3 Nf6 3.e5 Nd5 4.Nf3 Nc6 5.d4 cxd4 6.cxd4 d6 7.Bc4 Nb6 8.Bb3
dxe5 9.d5 Na5 10.Nc3 g6 11.Nxe5 Bg7 12.Bf4 O-O 13.O-O Bf5 14.Re1 Rc8 15.Qd2
Nbc4 16.Bxc4 Nxc4 17.Nxc4 Rxc4 18.Bg5 f6 19.Be3 a6 20.b3 Rc8 21.Na4 Rc2
22.Qd4 Qd6 23.Nb6 h5 24.h3 g5 25.Rac1 Rxc1 26.Rxc1 Rd8 27.Qd2 Bf8 28.Bc5
Qf4 29.Qxf4 gxf4 30.f3 e6 31.Bxf8 Kxf8 32.Rc5 Rd6 33.Rc8+ Kg7 34.dxe6 Bxe6
35.Rc7+ Kg6 36.Rxb7 Rd1+ 37.Kh2 Rd2 38.Re7 Kf5 39.Rc7 Rxa2 40.Rc5+ Kg6
41.b4 Rb2 42.Rc6 Kf5 43.Rc5+ Kg6 44.Rc6 Kf5 45.Na4 Rxb4 46.Rxa6 Bc4 47.Ra7
Bf1 48.h4 Rc4 49.Ra5+ Kg6 50.Nb6 Rc2 51.Nd5 Rxg2+ 52.Kh1 Rf2 53.Nxf4+ Kh6
54.Rxh5+ Kg7 55.Rf5 Kh7 56.Rxf6 Rxf3 57.Kg1 Bh3 58.Kh2 Bg4 59.Kg2 Kg7 60.Rg6+
  1-0

[Event "Corus Chess 2009 - C"]
[Site "Wijk aan Zee"]
[Date "22.01.2009"]
[Round "5C"]
[White "Nijboer,F"]
[Black "Pruijssers,R"]
[Result "1-0"]
[BlackElo "2444"]
[EventDate "2009.01.17"]
[WhiteElo "2560"]

1.e4 e5 2.Nf3 Nc6 3.Bb5 a6 4.Ba4 Nf6 5.O-O Be7 6.Re1 b5 7.Bb3 d6 8.c3 O-O
9.h3 Nb8 10.d4 Nbd7 11.Nbd2 Bb7 12.Bc2 Re8 13.Nf1 Bf8 14.Ng3 g6 15.a4 c6
16.Bg5 Bg7 17.Bd3 h6 18.Be3 d5 19.dxe5 Nxe4 20.Nxe4 dxe4 21.Bxe4 Nxe5 22.axb5
axb5 23.Qxd8 Raxd8 24.Nxe5 Rxe5 25.Bf3 Rd7 26.Red1 Rxd1+ 27.Rxd1 Re8 28.Rd7
Ba8 29.Kf1 Bf8 30.Rc7 Bd6 31.Bxc6 Rb8 32.Rd7 Bxc6 33.Rxd6 Be4 34.Bxh6 b4
35.f3 bxc3 36.bxc3 Bf5 37.Bg5 Be6 38.Bf6 Rc8 39.Kf2 Kf8 40.g4 Ke8 41.h4
Bd7 42.Kg3 Rc6 43.Rxc6 Bxc6 44.h5 gxh5 45.gxh5 Kf8 46.h6 Kg8 47.c4 Kh7
48.Bg7 Kg6 49.Kf4 Ba4 50.c5 Bc6 51.Ke3 f6 52.f4 Kf7 53.Kd4 Bf3 54.Kc4 Bc6
55.Kb4 Be4 56.Kb5   1-0

[Event "Corus Chess 2009 - C"]
[Site "Wijk aan Zee"]
[Date "22.01.2009"]
[Round "5C"]
[White "Romanishin,O"]
[Black "Howell,D"]
[Result "0-1"]
[BlackElo "2622"]
[EventDate "2009.01.17"]
[WhiteElo "2533"]

1.d4 Nf6 2.Nf3 g6 3.g3 Bg7 4.Bg2 O-O 5.O-O d5 6.Bf4 c5 7.dxc5 Na6 8.c6 bxc6
9.c4 Ng4 10.Nc3 e5 11.Bg5 f6 12.Bc1 d4 13.Na4 Be6 14.b3 Qe7 15.h3 Nh6 16.e4
Nf7 17.Ne1 f5 18.Qd2 fxe4 19.Qa5 Qb7 20.h4 Bf5 21.Ba3 Rfe8 22.Qd2 Rad8
23.Qe2 d3 24.Qd1 h5 25.Nc3 Rd4 26.Qd2 Bh6 27.Qb2 Nb4 28.Nd1 Bg4 29.f3 exf3
30.Nxf3 Rdd8 31.Bxb4 Qxb4 32.Nf2 e4 33.Nxg4 hxg4 34.Nh2 Qc5+ 35.Kh1 Bg7
36.Qc1 d2 37.Qd1 Bxa1 38.Qxa1 Qd4   0-1

[Event "Corus Chess 2009 - C"]
[Site "Wijk aan Zee"]
[Date "22.01.2009"]
[Round "5C"]
[White "Giri,A"]
[Black "Hillarp Persson,T"]
[Result "0-1"]
[BlackElo "2586"]
[EventDate "2009.01.17"]
[WhiteElo "2469"]

1.d4 d5 2.c4 c6 3.Nf3 Nf6 4.e3 Bf5 5.Nc3 e6 6.Nh4 Be4 7.f3 Bg6 8.Qb3 b5
9.cxd5 exd5 10.Nxg6 hxg6 11.Bd2 a5 12.O-O-O Be7 13.g4 Na6 14.Qc2 a4 15.h4
Nb4 16.Qb1 a3 17.b3 Qd6 18.Be2 Rc8 19.h5 gxh5 20.gxh5 Qe6 21.f4 c5 22.h6
Rxh6 23.Rxh6 gxh6 24.Bxb5+ Kd8 25.Bd3 cxd4 26.exd4 Qh3 27.Bc4 dxc4 28.bxc4
Rxc4 29.Qb3 Rc8 30.Be1 Nfd5 31.Qa4 Rxc3+   0-1

[Event "Corus Chess 2009 - C"]
[Site "Wijk aan Zee"]
[Date "22.01.2009"]
[Round "5C"]
[White "Gupta,Ab"]
[Black "Bosboom,M"]
[Result "1-0"]
[BlackElo "2418"]
[EventDate "2009.01.17"]
[WhiteElo "2569"]

1.d4 g6 2.c4 Bg7 3.e4 d6 4.Nc3 Nd7 5.Nf3 e5 6.Be2 Nh6 7.O-O O-O 8.Rb1 f6
9.b4 Nf7 10.c5 dxc5 11.bxc5 c6 12.Be3 exd4 13.Nxd4 Qe7 14.Qb3 Re8 15.Qa3
Bf8 16.Nb3 Ng5 17.Rfe1 Kh8 18.Bf1 Ne6 19.Rbc1 Qf7 20.Na4 b5 21.Nc3 a5 22.Qb2
Bg7 23.Nd4 f5 24.Nxe6 Rxe6 25.exf5 Rxe3 26.Rxe3 b4 27.fxg6 hxg6 28.Qd2
bxc3 29.Rcxc3 Bxc3 30.Qxc3+ Qf6 31.Re8+ Kg7 32.Qh3 Nf8 33.Rxc8 Ra7 34.Qg3
Rf7 35.h4 Nd7 36.Bc4 Re7 37.h5 Re1+ 38.Kh2 Ne5 39.Rg8+ Kh6 40.f4 Re4 41.fxe5
Qh4+ 42.Qxh4 Rxh4+ 43.Kg3 Rxc4 44.Rxg6+ Kxh5 45.Rxc6 Kg5 46.Rc8 Rc3+ 47.Kh2
Kf5 48.c6 Kxe5 49.c7 Kd6 50.Ra8 Rxc7 51.Rxa5 Rc2 52.Kh3 Ke6 53.a4 Rc4 54.Ra6+
Kf5 55.a5 Ra4 56.Ra8 Kg5 57.a6 Ra3+ 58.g3 Kg6 59.Kg4 Ra4+ 60.Kf3 Kf6 61.Ke3
Kg7 62.Kd3 Rg4 63.Rc8 Rxg3+ 64.Kc4 Ra3 65.Kb5 Kf7 66.Rc7+ Ke6 67.a7 Rb3+
68.Kc6 Ra3 69.Kb7 Rb3+ 70.Kc8 Ra3 71.Kb8 Kd6 72.Rb7   1-0

[Event "Corus Chess 2009 - C"]
[Site "Wijk aan Zee"]
[Date "22.01.2009"]
[Round "5C"]
[White "Iturrizaga,E"]
[Black "So,W"]
[Result "0-1"]
[BlackElo "2627"]
[EventDate "2009.01.17"]
[WhiteElo "2528"]

1.d4 Nf6 2.Nf3 e6 3.c4 b6 4.g3 Ba6 5.Qc2 c5 6.d5 exd5 7.cxd5 Bb7 8.Bg2 Nxd5
9.O-O Be7 10.Rd1 Qc8 11.a3 Nf6 12.Bg5 h6 13.Bxf6 Bxf6 14.Nc3 O-O 15.Nd5
Bxd5 16.Rxd5 Nc6 17.Rad1 Rd8 18.Nd2 Ne7 19.Rd6 Rb8 20.Rxf6 gxf6 21.Ne4
d5 22.Nxf6+ Kg7 23.Nxd5 Qe6 24.Qc3+ f6 25.e4 Qe5 26.Qxe5 fxe5 27.Re1 Nxd5
28.exd5 Kf6 29.Kf1 b5 30.Re3 b4 31.a4 c4 32.Ke2 c3 33.b3 c2 34.Kd2 Rbc8
35.Kc1 Rc5 36.Be4 Rdc8 37.Re2 Rc3 38.Rxc2 Ke7 39.Kd2 Rxc2+ 40.Bxc2 Rc3
41.h4 Kd6 42.g4 Rh3 43.Be4 Rxh4 44.f3 Rh1 45.Kc2 Kc5 46.Kd2 Rh2+ 47.Kc1
Kd4 48.d6 Kc3   0-1

[Event "Corus Chess 2009 - C"]
[Site "Wijk aan Zee"]
[Date "22.01.2009"]
[Round "5C"]
[White "Leon Hoyos,M"]
[Black "Bitalzadeh,A"]
[Result "1-0"]
[BlackElo "2400"]
[EventDate "2009.01.17"]
[WhiteElo "2542"]

1.d4 Nf6 2.c4 g6 3.Nc3 Bg7 4.e4 d6 5.f3 O-O 6.Be3 c5 7.Nge2 Nc6 8.Qd2 e6
9.Rd1 b6 10.g3 Bb7 11.Bg2 e5 12.d5 Nd4 13.O-O a6 14.a4 Bc8 15.Nc1 Bd7 16.Nd3
Qe8 17.b4 Bxa4 18.Nxa4 Qxa4 19.Bh3 Nc2 20.Bf2 cxb4 21.Bxb6 b3 22.Qc3 Bh6
23.Kh1 a5 24.Rb1 Ra6 25.Rxb3 Bd2 26.Nb2 Bxc3 27.Nxa4 Bb4 28.Rd1 Rb8 29.Bf2
Raa8 30.Rb2 Nd4 31.Bxd4 exd4 32.Rxd4 Ba3 33.Rb5 Ne8 34.Rd3 Bb4 35.Rb3 Rxb5
36.cxb5 Nc7 37.b6 Na6 38.b7 Rb8 39.Bc8 Kf8 40.Rb1 Ke7 41.Rc1 Nc5 42.Nxc5
Bxc5 43.Rc4 f6 44.f4 Bb4 45.Rc7+ Kd8 46.Rd7+ Ke8 47.Rxh7 Kd8 48.Rd7+ Ke8
49.Rc7 Bc5 50.Bd7+ Kd8 51.Rc8+ Kxd7 52.Rxb8   1-0

[Event "Corus Chess 2009 - C"]
[Site "Wijk aan Zee"]
[Date "22.01.2009"]
[Round "5C"]
[White "Harika,D"]
[Black "Holzke,F"]
[Result "1/2-1/2"]
[BlackElo "2524"]
[EventDate "2009.01.17"]
[WhiteElo "2473"]

1.d4 Nf6 2.c4 g6 3.g3 Bg7 4.Bg2 d5 5.cxd5 Nxd5 6.e4 Nb6 7.Ne2 c5 8.d5 O-O
9.O-O e6 10.Nbc3 Na6 11.Nf4 exd5 12.Nfxd5 Nxd5 13.Nxd5 Nb4 14.Be3 Nxd5
15.exd5 Qb6 16.Rc1 Bd4 17.Bxd4 cxd4 18.Rc4 Qxb2 19.Qxd4 Qb6 20.Rb4 Qd6
21.Re1 b6 22.Qf4 Rd8 23.h4 Bb7 24.Re8+ Kg7 25.Qd4+ f6 26.Re1 Re8 27.Rbb1
Rac8 28.Qa4 Rxe1+ 29.Rxe1 Rc7 30.Re6 Qc5 31.d6 b5 32.Qd1 Bc8 33.dxc7 Bxe6
34.Qd8 Qc1+ 35.Kh2 Qc5 36.Qe8 Bf5 37.Qc6 Qxc6 38.Bxc6 Bc8 39.Bxb5 Kf8 40.h5
gxh5 41.Bf1 Ke7 42.Bh3 f5 43.Kg2 Kd6 44.Kf3 Ke5 45.Bf1 h6 46.Bd3 Bb7+ 47.Ke3
f4+ 48.gxf4+ Kd6 49.Kd4 Kxc7 50.Ke5 Bg2 51.f5 Kd7 52.f6 Ke8 53.Bg6+ Kf8
54.Bxh5 Bf1 55.Bf3 a5 56.a3 Bb5 57.Bd5 Be8 58.Kf5 Bh5 59.f3 Be8 60.f7 Bxf7
61.Bxf7 Kxf7 62.a4 Kg7 63.Ke6 Kg6 64.f4 Kg7 65.f5 Kf8 66.Kf6 h5 67.Kg5
Kf7 68.Kxh5 Kf6 69.Kg4 Kf7 70.Kf4 Kf6 71.Ke4 Kf7 72.Ke5 Ke7 73.Kd5 Kf6
74.Kc5 Kxf5 75.Kb5 Ke6 76.Kxa5 Kd7   1/2-1/2

[Event "Corus Chess 2009 - C"]
[Site "Wijk aan Zee"]
[Date "23.01.2009"]
[Round "6C"]
[White "Pruijssers,R"]
[Black "Holzke,F"]
[Result "0-1"]
[BlackElo "2524"]
[EventDate "2009.01.17"]
[WhiteElo "2444"]

1.e4 e6 2.d4 d5 3.Nc3 Nf6 4.e5 Nfd7 5.f4 c5 6.Nf3 Nc6 7.Be3 cxd4 8.Nxd4
Bc5 9.Qd2 O-O 10.O-O-O a6 11.Qf2 Bxd4 12.Bxd4 b5 13.Be3 b4 14.Na4 a5 15.h4
Ba6 16.Bxa6 Rxa6 17.h5 Qc7 18.Qe2 Ncb8 19.g4 Rc6 20.Kb1 Rc8 21.Rc1 Qb7
22.Rhd1 Na6 23.h6 g6 24.Qf2 Rc4 25.Bd4 Nc7 26.b3 Rc6 27.Qh4 Nb5 28.Bb2
Qc7 29.Rd2 Re8 30.Re1 Qa7 31.f5 Rcc8 32.Rd3 Qc7 33.Re2 Qc6 34.Qf2 Rf8 35.Rf3
d4 36.Rd3 Qh1+ 37.Re1 Qd5 38.Qf3 Rfe8 39.Qxd5 exd5 40.e6 fxe6 41.fxe6 Rc6
42.Kc1 Rcxe6 43.Rxe6 Rxe6 44.Bxd4 Re4 45.Bg7 d4 46.Rf3 Nc3 47.Nxc3 dxc3
48.Kd1 Rxg4 49.Rd3 Nc5 50.Rd5 Ne6 51.Rxa5 g5 52.a4 Nxg7 53.Ra8+ Ne8 54.Rxe8+
Kf7 55.Rb8 Kg6 56.Ke2 Kxh6 57.a5 Rg2+ 58.Kd3 Rd2+ 59.Kc4 Rxc2 60.Kxb4 Ra2
61.Kxc3 Rxa5 62.b4 Ra1 63.b5 Kh5 64.Re8 g4 65.Re2 g3 66.b6 Ra8 67.b7 Rb8
68.Re7 h6 69.Kd3 Kg4 70.Ke2 Kh3 71.Kf1 Kh2 72.Rh7 g2+ 73.Ke2 Rxb7 74.Rxh6+
Kg1 75.Rh8 Re7+ 76.Kd2 Re5 77.Kd3 Kf2 78.Rf8+ Kg3 79.Rg8+ Kf3 80.Kd2 Re4
  0-1

[Event "Corus Chess 2009 - C"]
[Site "Wijk aan Zee"]
[Date "23.01.2009"]
[Round "6C"]
[White "Bitalzadeh,A"]
[Black "Harika,D"]
[Result "1/2-1/2"]
[BlackElo "2473"]
[EventDate "2009.01.17"]
[WhiteElo "2400"]

1.e4 e5 2.Nf3 Nc6 3.Bb5 Nf6 4.O-O Nxe4 5.d4 Nd6 6.Bxc6 dxc6 7.dxe5 Nf5 8.Qxd8+
Kxd8 9.Nc3 Ke8 10.h3 h6 11.Rd1 Be6 12.g4 Ne7 13.Nd4 Rd8 14.f4 Bc4 15.b3
Ba6 16.Ne4 b6 17.Bb2 c5 18.Nf5 Nxf5 19.gxf5 Rxd1+ 20.Rxd1 Bc8 21.f6 Bb7
22.fxg7 Bxg7 23.Ng3 Bf8 24.Kh2 Rg8 25.c4 Be7 26.Rd2 Bh4 27.Nh5 Bc8 28.Nf6+
Bxf6 29.exf6 Bd7 30.Re2+ Kd8   1/2-1/2

[Event "Corus Chess 2009 - C"]
[Site "Wijk aan Zee"]
[Date "23.01.2009"]
[Round "6C"]
[White "Bosboom,M"]
[Black "Iturrizaga,E"]
[Result "1-0"]
[BlackElo "2528"]
[EventDate "2009.01.17"]
[WhiteElo "2418"]

1.c4 c5 2.Nf3 g6 3.h4 Nf6 4.b3 d6 5.Bb2 e5 6.e3 Bg4 7.Be2 Bg7 8.d3 Nc6 9.Nbd2
O-O 10.a3 Re8 11.Qc2 Rc8 12.O-O Nh5 13.Rfe1 f5 14.b4 Rc7 15.bxc5 dxc5 16.Rab1
Rd7 17.Bc3 Bh6 18.Nf1 Nf6 19.N1h2 Bh5 20.Qb2 Qe7 21.Rbd1 Bg7 22.Nf1 Rd6
23.Ng3 Bg4 24.Nh2 Bxe2 25.Qxe2 Red8 26.Nf3 Ng4 27.e4 f4 28.Nf1 Qd7 29.Qb2
b6 30.N1h2 Nxh2 31.Kxh2 Qe7 32.Qe2 h6 33.Rh1 g5 34.hxg5 hxg5 35.Kg1 g4
36.Nh4 Qg5 37.Nf5 Rg6 38.f3 gxf3 39.Qxf3 Ne7 40.Rh5 Qf6 41.Nxg7 Rg3 42.Bxe5
Qg6 43.Nf5   1-0

[Event "Corus Chess 2009 - C"]
[Site "Wijk aan Zee"]
[Date "23.01.2009"]
[Round "6C"]
[White "Hillarp Persson,T"]
[Black "Gupta,Ab"]
[Result "0-1"]
[BlackElo "2569"]
[EventDate "2009.01.17"]
[WhiteElo "2586"]

1.d4 Nf6 2.c4 g6 3.Nc3 d5 4.Nf3 Bg7 5.Bg5 Ne4 6.Bh4 Nxc3 7.bxc3 dxc4 8.Qa4+
c6 9.Qxc4 Qa5 10.e3 Be6 11.Qb4 Qxb4 12.cxb4 Nd7 13.Bd3 h6 14.O-O g5 15.Bg3
O-O 16.h4 g4 17.Nd2 a5 18.a3 f5 19.Nc4 a4 20.Na5 c5 21.Bf4 cxd4 22.exd4
Bd5 23.Rac1 Bxd4 24.Rc7 Nf6 25.Rxe7 Rfe8 26.Rxe8+ Rxe8 27.Bxf5 b6 28.Rd1
Be5 29.Bxh6 bxa5 30.bxa5 Bb3 31.Rb1 Bd4 32.Bf4 Nd5 33.Bd6 Nc3 34.Rf1 Bc4
35.Bxg4 Bxf1 36.Kxf1 Ne4 37.Bb4 Bc3 38.Bd7 Nd2+ 39.Kg1 Re1+ 40.Kh2 Bxb4
41.axb4 a3 42.Bc6 Kg7 43.Bd5 Re5 44.Ba2 Rb5   0-1

[Event "Corus Chess 2009 - C"]
[Site "Wijk aan Zee"]
[Date "23.01.2009"]
[Round "6C"]
[White "Howell,D"]
[Black "Giri,A"]
[Result "1/2-1/2"]
[BlackElo "2469"]
[EventDate "2009.01.17"]
[WhiteElo "2622"]

1.e4 e5 2.Nf3 Nf6 3.Nc3 Bb4 4.Nxe5 O-O 5.Be2 Re8 6.Nd3 Bxc3 7.dxc3 Nxe4
8.O-O d6 9.f3 Nf6 10.Bg5 Nbd7 11.Re1 b6 12.a4 a5 13.Nf2 h6 14.Bh4 Nf8 15.Ne4
g5 16.Nxf6+ Qxf6 17.Bf2 Bf5 18.Qd2 Qg6 19.Rac1 Rad8 20.h4 f6 21.b3 Kg7
22.Bb5 Bd7 23.Bd3 Qf7 24.Bd4 Qh5 25.hxg5 hxg5 26.g4 Qh4 27.Qf2 Qh3 28.Qg2
Qxg2+ 29.Kxg2 Ng6 30.Kg3 Nf4 31.Bf1 Rxe1 32.Rxe1 Re8 33.Rxe8 Bxe8 34.Be3
Bg6 35.Bxf4 gxf4+ 36.Kxf4 Bxc2 37.Bc4 c6 38.Ke3 d5 39.Kd2 dxc4 40.Kxc2
cxb3+ 41.Kxb3 f5 42.Kc4 Kf6 43.Kd4 b5 44.axb5 cxb5 45.c4 bxc4 46.Kxc4 fxg4
47.fxg4 Kg5   1/2-1/2

[Event "Corus Chess 2009 - C"]
[Site "Wijk aan Zee"]
[Date "23.01.2009"]
[Round "6C"]
[White "Nijboer,F"]
[Black "Romanishin,O"]
[Result "1/2-1/2"]
[BlackElo "2533"]
[EventDate "2009.01.17"]
[WhiteElo "2560"]

1.e4 e5 2.Nf3 Nc6 3.Bb5 a6 4.Ba4 Nf6 5.O-O Be7 6.Re1 b5 7.Bb3 d6 8.c3 O-O
9.h3 Na5 10.Bc2 c5 11.d4 Nd7 12.d5 Nc4 13.a4 Ncb6 14.b3 bxa4 15.bxa4 Nc4
16.Nbd2 Na5 17.Nf1 Rb8 18.Ne3 g6 19.c4 Qc7 20.Bd2 Bd8 21.Bc3 Nf6 22.Ra3
Nh5 23.Kh2 f6 24.Ng1 Nf4 25.Rf1 Rb4 26.g3 Nh5 27.Bd3 Bd7 28.f4 Be7 29.Be2
Ng7 30.fxe5 fxe5 31.Rxf8+ Bxf8 32.Bg4 Nxc4 33.Nxc4 Rxc4 34.Be2 Rxe4 35.Bd3
Re3 36.Qd2 Rxd3 37.Qxd3 c4 38.Qf3 Nf5 39.Ra2 Qc5 40.g4 Nd4 41.Bxd4 Qxd4
42.Rf2 Qf4+   1/2-1/2

[Event "Corus Chess 2009 - C"]
[Site "Wijk aan Zee"]
[Date "24.01.2009"]
[Round "7C"]
[White "Romanishin,O"]
[Black "Pruijssers,R"]
[Result "1/2-1/2"]
[BlackElo "2444"]
[EventDate "2009.01.17"]
[WhiteElo "2533"]

1.e4 e5 2.Nf3 Nc6 3.Bb5 a6 4.Ba4 Nf6 5.O-O b5 6.Bb3 Bb7 7.d3 Bc5 8.a4 O-O
9.Nc3 Na5 10.axb5 Nxb3 11.cxb3 axb5 12.Rxa8 Bxa8 13.Nxe5 d5 14.Bg5 dxe4
15.Ng4 Be7 16.Nxf6+ Bxf6 17.Bxf6 Qxf6 18.dxe4 b4 19.Nd5 Qxb2 20.Qd3 Qe5
21.Qc4 Bxd5   1/2-1/2

[Event "Corus Chess 2009 - C"]
[Site "Wijk aan Zee"]
[Date "24.01.2009"]
[Round "7C"]
[White "Giri,A"]
[Black "Nijboer,F"]
[Result "1/2-1/2"]
[BlackElo "2560"]
[EventDate "2009.01.17"]
[WhiteElo "2469"]

1.d4 f5 2.g3 Nf6 3.Bg2 g6 4.Nf3 Bg7 5.O-O O-O 6.c4 d6 7.Nc3 Qe8 8.Re1 Qf7
9.b3 Ne4 10.Bb2 Nd7 11.Qc2 Ndf6 12.e3 c6 13.Nxe4 Nxe4 14.Nd2 Nf6 15.e4
f4 16.Nf3 Nh5 17.e5 Bf5 18.Qd2 Bg4 19.exd6 Bxf3 20.dxe7 Bxg2 21.exf8=Q+
Rxf8 22.Kxg2 Qf5 23.Kh1 Qh3 24.Rg1 f3 25.Qg5 Nf6 26.Qh4 Qf5 27.g4 Qc2 28.Ba3
Ne4 29.Rgf1 g5 30.Qh3 Rf7 31.Rae1 Nxf2+ 32.Rxf2 Qxf2 33.Re8+ Bf8 34.Bxf8
Rxf8   1/2-1/2

[Event "Corus Chess 2009 - C"]
[Site "Wijk aan Zee"]
[Date "24.01.2009"]
[Round "7C"]
[White "Gupta,Ab"]
[Black "Howell,D"]
[Result "1-0"]
[BlackElo "2622"]
[EventDate "2009.01.17"]
[WhiteElo "2569"]

1.d4 Nf6 2.c4 g6 3.Nc3 d5 4.Bg5 Ne4 5.Bh4 Nxc3 6.bxc3 dxc4 7.e3 Be6 8.Be2
c6 9.Nf3 b5 10.O-O Bg7 11.a4 a6 12.Ng5 Bd5 13.e4 h6 14.exd5 hxg5 15.dxc6
b4 16.c7 Qxc7 17.Bg3 Qd7 18.Rb1 Nc6 19.d5 Ne5 20.Rxb4 Rc8 21.Rb6 O-O 22.Bxe5
Bxe5 23.Bg4 Qd8 24.Qb1 Rb8 25.Rxg6+ Bg7 26.Rxg7+ Kxg7 27.Qf5 e6 28.dxe6
Qf6 29.Qe4 fxe6 30.Qxc4 Qf4 31.Qe2 Rf6 32.a5 Rb5 33.g3 Qe5 34.Qd2 Rxa5
35.Rb1 Qe4 36.Rb4 Ra1+ 37.Bd1 Qf5 38.Rd4 Ra5 39.c4 Rf7 40.Kg2 Rc5 41.h4
Qf6 42.Rg4 Rf5 43.f3 Rb7 44.Kh3 a5 45.Bc2 Rc5 46.Be4 Rf7 47.hxg5 Qa1 48.Kg2
Rxc4 49.g6 Rxe4 50.Rxe4 Rb7 51.Kh3 Qf6 52.Rh4 Kg8 53.Qxa5 Rb8 54.Qh5 Rb7
55.Rf4 Qa1 56.Qc5 Qh8+ 57.Rh4   1-0

[Event "Corus Chess 2009 - C"]
[Site "Wijk aan Zee"]
[Date "24.01.2009"]
[Round "7C"]
[White "Iturrizaga,E"]
[Black "Hillarp Persson,T"]
[Result "0-1"]
[BlackElo "2586"]
[EventDate "2009.01.17"]
[WhiteElo "2528"]

1.d4 g6 2.c4 Bg7 3.Nf3 d6 4.Nc3 Nd7 5.g3 e5 6.Bg2 Ne7 7.O-O O-O 8.e4 exd4
9.Nxd4 Nc6 10.Nc2 a5 11.f4 Nc5 12.Be3 Re8 13.e5 Na6 14.Nd4 Nab4 15.a3 dxe5
16.fxe5 Nxe5 17.axb4 Ng4 18.Nc2 Bf5 19.Rxf5 gxf5 20.Qxd8 Raxd8 21.Bg5 axb4
22.Nd5 Rd7 23.h3 b3 24.hxg4 bxc2 25.Rc1 c6 26.Ne3 Bd4 27.Kf2 f6 28.Bf4
Rde7 29.Rxc2 Bxe3+ 30.Bxe3 Rxe3 31.gxf5 Rb3 32.Bf3 Re5 33.g4 h5 34.Rd2
hxg4 35.Bxg4 Re4 36.Bh5 Rf4+ 37.Ke2 Rxf5 38.Bg6 Rg5 39.Rd8+ Kg7 40.Bd3
Rg2+ 41.Ke3 Rg3+ 42.Kd2 Rgxd3+ 43.Rxd3 Rxd3+ 44.Kxd3 f5   0-1

[Event "Corus Chess 2009 - C"]
[Site "Wijk aan Zee"]
[Date "24.01.2009"]
[Round "7C"]
[White "Leon Hoyos,M"]
[Black "Bosboom,M"]
[Result "1-0"]
[BlackElo "2418"]
[EventDate "2009.01.17"]
[WhiteElo "2542"]

1.e4 c5 2.Nf3 d6 3.d4 cxd4 4.Nxd4 Nf6 5.Nc3 a6 6.Be3 e6 7.g4 h6 8.h3 b5
9.Bg2 Bb7 10.O-O Nbd7 11.Re1 g5 12.a4 b4 13.Nd5 Ne5 14.Nxe6 fxe6 15.Bb6
exd5 16.Bxd8 Rxd8 17.exd5 Bg7 18.Qd4 O-O 19.Qxb4 Rd7 20.Ra3 h5 21.Rg3 hxg4
22.hxg4 Ng6 23.Rf3 Nh4 24.Rd3 Nxg2 25.Kxg2 Rff7 26.Qd2 Nxg4 27.Re8+ Bf8
28.Rf3 Nf6 29.Rxf6 Rxf6 30.c4 Rdf7 31.a5 Rf4 32.b3 Kg7 33.Rb8 Kh6 34.Qe3
Bg7 35.Qh3+ Kg6 36.Qd3+ R4f5 37.Kg3 Kh5 38.Qd1+ Kh6 39.Qh1+ Kg6 40.Qb1
Kh5 41.Qh1+ Kg6 42.Qe4 Kh6 43.Qe6+ R5f6 44.Qe3 Rf4 45.Kg2 Bd4 46.Qh3+ Kg7
47.f3 g4 48.Qh5 gxf3+ 49.Kf1 Be5 50.Rh8 Kf6 51.Qh3 f2 52.Rg8 Rg7 53.Qh6+
Kf5 54.Rxg7   1-0

[Event "Corus Chess 2009 - C"]
[Site "Wijk aan Zee"]
[Date "24.01.2009"]
[Round "7C"]
[White "Harika,D"]
[Black "So,W"]
[Result "1/2-1/2"]
[BlackElo "2627"]
[EventDate "2009.01.17"]
[WhiteElo "2473"]

1.d4 d5 2.c4 c6 3.Nf3 Nf6 4.e3 Bf5 5.Nc3 e6 6.Nh4 Bg6 7.Be2 Bd6 8.g3 Nbd7
9.O-O dxc4 10.Bxc4 Nb6 11.Be2 e5 12.a4 a5 13.Bf3 O-O 14.Nxg6 hxg6 15.dxe5
Bxe5 16.Qb3 Qc7 17.e4 Rfd8 18.Be3 Bd4 19.Nd5 cxd5 20.Bxd4 Nc4 21.Bxf6 gxf6
22.Rfd1 dxe4 23.Bxe4 Nd2 24.Qe3 Qd6 25.Rac1 Qe7 26.Rxd2 Rxd2 27.Qxd2 Qxe4
28.Qc2 Qb4 29.Qc3 Qxa4 30.Qxf6 Qd7 31.h4 Re8 32.h5 Qd2 33.Qc3 Qxc3 34.Rxc3
gxh5 35.Rc5 a4 36.Rxh5 Re1+ 37.Kg2 Rb1 38.Ra5 Rxb2 39.Rxa4 b5 40.Ra6 b4
41.Rb6 Rb3 42.Kh3 Rf3 43.Kg2 Rb3 44.Kh3 Rf3 45.Kg2   1/2-1/2

[Event "Corus Chess 2009 - C"]
[Site "Wijk aan Zee"]
[Date "24.01.2009"]
[Round "7C"]
[White "Holzke,F"]
[Black "Bitalzadeh,A"]
[Result "1/2-1/2"]
[BlackElo "2400"]
[EventDate "2009.01.17"]
[WhiteElo "2524"]

1.d4 Nf6 2.Nf3 e6 3.c4 c5 4.d5 b5 5.Bg5 exd5 6.cxd5 d6 7.e4 a6 8.a4 Be7
9.axb5 Nxe4 10.Bxe7 Qxe7 11.Be2 O-O 12.O-O Qb7   1/2-1/2

[Event "Corus Chess 2009 - C"]
[Site "Wijk aan Zee"]
[Date "25.01.2009"]
[Round "8C"]
[White "Pruijssers,R"]
[Black "Bitalzadeh,A"]
[Result "1-0"]
[BlackElo "2400"]
[EventDate "2009.01.17"]
[WhiteElo "2444"]

1.e4 c5 2.Nf3 d6 3.d4 cxd4 4.Nxd4 Nf6 5.Nc3 a6 6.Bg5 Nbd7 7.f4 Qc7 8.Qf3
h6 9.Bh4 e5 10.Nf5 exf4 11.Bxf6 Nxf6 12.Qxf4 g5 13.Qf2 Nxe4 14.Nxe4 Qa5+
15.Nc3 Bxf5 16.O-O-O Be6 17.Bc4 Bxc4 18.Qd4 Bg7 19.Rhe1+ Be5 20.Qxd6 Be6
21.Rxe5 Qd8 22.Rxe6+ fxe6 23.Qe5   1-0

[Event "Corus Chess 2009 - C"]
[Site "Wijk aan Zee"]
[Date "25.01.2009"]
[Round "8C"]
[White "So,W"]
[Black "Holzke,F"]
[Result "0-1"]
[BlackElo "2524"]
[EventDate "2009.01.17"]
[WhiteElo "2627"]

1.e4 e5 2.Nf3 Nc6 3.Bb5 a6 4.Ba4 Nf6 5.O-O Bc5 6.Nxe5 Nxe5 7.d4 Nxe4 8.Re1
Be7 9.dxe5 Nc5 10.Nc3 O-O 11.Bf4 Nxa4 12.Nxa4 d5 13.exd6 Bxd6 14.Bxd6 cxd6
15.Qd4 b5 16.Nb6 Rb8 17.Nd5 Re8 18.Rxe8+ Qxe8 19.Ne3 Qd8 20.Rd1 Rb7 21.Rd3
Rd7 22.h4 Qf8 23.h5 h6 24.c4 Rc7 25.Qb6 bxc4 26.Rxd6 Qe7 27.Rc6 Rxc6 28.Qxc6
Be6 29.Qxa6 Qb4 30.Qa8+ Kh7 31.Qe4+ Kg8 32.Qc2 Qe1+ 33.Kh2 Qa5 34.Nxc4
Qc7+ 35.Kg1 Qxc4 36.Qxc4 Bxc4 37.b3 Bd5 38.f3 Kf8 39.Kf2 Ke7 40.Ke3 Kd6
41.g4 f5 42.Kf4 Ke6   0-1

[Event "Corus Chess 2009 - C"]
[Site "Wijk aan Zee"]
[Date "25.01.2009"]
[Round "8C"]
[White "Bosboom,M"]
[Black "Harika,D"]
[Result "1/2-1/2"]
[BlackElo "2473"]
[EventDate "2009.01.17"]
[WhiteElo "2418"]

1.c4 c5 2.a3 g6 3.b4 Bg7 4.Nc3 d6 5.Bb2 Nf6 6.g3 O-O 7.Bg2 Nc6 8.bxc5 dxc5
9.Nf3 Be6 10.d3 Qc8 11.Ng5 Bd7 12.Rb1 h6 13.Nge4 Bh3 14.Nxf6+ Bxf6 15.O-O
Bxg2 16.Kxg2 b6 17.Qd2 Kh7 18.Nd5 Bxb2 19.Qxb2 Qd8 20.h4   1/2-1/2

[Event "Corus Chess 2009 - C"]
[Site "Wijk aan Zee"]
[Date "25.01.2009"]
[Round "8C"]
[White "Howell,D"]
[Black "Iturrizaga,E"]
[Result "1-0"]
[BlackElo "2528"]
[EventDate "2009.01.17"]
[WhiteElo "2622"]

1.e4 c6 2.d4 d5 3.exd5 cxd5 4.c4 Nf6 5.Nc3 e6 6.Nf3 Bb4 7.cxd5 Nxd5 8.Qc2
Nc6 9.Bd3 h6 10.O-O O-O 11.Rd1 Bd6 12.Bh7+ Kh8 13.Be4 Bd7 14.Qe2 Re8 15.Bd2
f5 16.Bxd5 exd5 17.Qd3 Be6 18.Re1 Qf6 19.Nb5 Bb8 20.Qa3 Rd8 21.Ne5 Nxe5
22.dxe5 Bxe5 23.Rxe5 Qxe5 24.Re1 Qf6 25.Nc7 Bd7 26.Nxa8 Rxa8 27.Qb4 d4
28.Qxb7 Bc6 29.Qc7 Qg6 30.Qg3 Qf7 31.Qd6 Qd5 32.Qg6 Rg8 33.Bf4 Qa5 34.Re7
Qb4 35.Bd6 Qxb2 36.h4 Qc1+ 37.Kh2 Bxg2 38.Qxg2 d3 39.Be5 Qc5 40.Bxg7+ Kh7
41.Rb7   1-0

[Event "Corus Chess 2009 - C"]
[Site "Wijk aan Zee"]
[Date "25.01.2009"]
[Round "8C"]
[White "Nijboer,F"]
[Black "Gupta,Ab"]
[Result "1-0"]
[BlackElo "2569"]
[EventDate "2009.01.17"]
[WhiteElo "2560"]

1.e4 e5 2.Nf3 Nc6 3.Bb5 a6 4.Ba4 Nf6 5.O-O Be7 6.Re1 b5 7.Bb3 O-O 8.h3 Bb7
9.d3 d5 10.exd5 Nxd5 11.Nxe5 Nd4 12.Nc3 Nb4 13.Ne4 Nxb3 14.axb3 Qd5 15.Nf3
Qd7 16.Bd2 f5 17.Neg5 Rfe8 18.Ne5 Qd5 19.Ngf3 Qd6 20.d4 Be4 21.Bxb4 Qxb4
22.Nd3 Qd6 23.Nc5 Bd5 24.Qd3 Qf6 25.Re5 Bxf3 26.Qxf3 Bd6 27.Rxa6 Rad8 28.Qd5+
Kh8 29.Rxe8+ Rxe8 30.Ra8 Qf8 31.Rxe8 Qxe8 32.Ne6 g6 33.c4 bxc4 34.bxc4
Qa4 35.g3 Qa2 36.Qc6   1-0